| 000 | 00539nam a22001937a 4500 | ||
|---|---|---|---|
| 999 |
_c2737 _d2737 |
||
| 003 | OSt | ||
| 005 | 20191216154537.0 | ||
| 008 | 181018b ||||| |||| 00| 0 eng d | ||
| 020 | _a1852402091 | ||
| 040 | _cDLC | ||
| 082 |
_a231.3 _bD995K |
||
| 100 | _aDye, Colin | ||
| 245 |
_aKnowing the Son: Sword of the Spirit: A School of ministry in the Word & The spirit _cBy Colin Dye. |
||
| 260 |
_aEngland : _bSovereign World, _cc1999. |
||
| 300 | _a160 p.: | ||
| 490 | _aSword Of The Spirit - 10 | ||
| 630 | _aHoly Spirit | ||
| 942 |
_2ddc _cBK |
||